000 00882nam a22002897a 4500
003 CHAP
005 20220329133757.0
008 971013s1981 r 00010 d
010 _a10747
011 _a11719
035 _a10975
040 _cCHAP
090 _aFolleto 8012
100 0 0 _aRodríguez Gómez, J. Guadalupe.
_998558
245 1 0 _aDe la síntesis orgánica
260 _aSaltillo, Coah. :
_bCentro de Investigación en Química Aplicada,
_c1981
300 _as.p.
590 _aBATCH-UPD
_b10
_c20130110
_lUCH01
_h2052
590 _aBATCH-UPD
_b10
_c20130410
_lUCH01
_h1405
590 _aBATCH-UPD
_b10
_c20130914
_lUCH01
_h1942
590 _aCONVERSION
_b10
_c20130109
_lUCH01
_h1307
650 1 4 _aProductos sintéticos.
_992225
650 1 4 _aQuímica orgánica.
_993598
901 _aBK
942 _cFOLL
949 _aFolleto 8012
_bBC
_cFOLL
_d-154204
_eTS1
_i10975
_si
999 _c10747
_d10747